02333cam a2200349 i 450000100090000000300090000900500170001800800410003501000170007602000290009304000280012204200080015005000210015808200310017908400230021010000600023324500820029326000310037530000450040650200060045150400530045752009330051065000190144365000160146265000310147877601690150985600840167890600450176294200120180799900190181995201450183817946680USPCAS-E20180118181417.0131119s2014 njua b 001 0 eng  a 2013046037 a9781118720929 (hardback) aDLCbengcDLCerdadDLC apcc00aTJ828b.L53 201400a621.312136223bLYA-W 2014 aSCI0240002bisacsh1 aLi︠a︡tkher, V. M.q(Viktor Mikhaĭlovich)eauthor.10aWind power :bturbine design, selection, and optimization /cVictor Lyatkher. aNew Jersey:bWiley,c2014. avii, 311 pages :billustrations ;c25 cm a. aIncludes bibliographical references and indexes. a"Wind power is the most mature technology of the major sources of renewable energy that have been developed, and more efficient and cost-effective techologies and materials are constantly being sought for turbines and the equipment used on them. Here is a comprehensive and thorough review of the engineering pros and cons for using different kinds of wind turbines in different areas, including offshore. With a full technical knowledge, engineers, managers, and other decision-makers in the wind energy industry can make more informed decisions about increasing capacity, cost-efficiency, and longevity. Covering the various types of wind turbines available, such as new collinear windmills, orthogonal turbines, and others, this highly technical treatment of wind turbines offers engineers, students, and researchers insight into the practical applications of these turbines and their potential for maximum efficiency. "-- 0aWind turbines. 0aWind power. 7aSCIENCE / Energy.2bisacsh08iOnline version:aLi︠a︡tkher, V. M. (Viktor Mikhaĭlovich) author.tWind powerdHoboken, New Jersey : John Wiley & Sons, [2014]z9781118721117w(DLC) 2013046558423Cover imageuhttp://catalogimages.wiley.com/images/db/jimages/9781118720929.jpg a7bcbccorignewd1eecipf20gy-gencatlg 2ddccBK c355895d355895 00102ddc40708NFICaCAS-EbCAS-EcDISPLAYd2015-12-31eIqrag15070.00l0o621.312136 LYA-W 2014pCAS-E0001112r2015-12-31w2015-12-31yBK